Derecho penal del trabajo / (Registro nro. 8495)

Detalles MARC
000 -LEADER
campo de control de longitud fija 00781nam a2200241 i 4500
001 - NÚMERO DE CONTROL
campo de control 8495
003 - IDENTIFICADOR DE NÚMERO DE CONTROL
campo de control ES-MaACL
005 - FECHA Y HORA DE LA ÚLTIMA TRANSACCIÓN
campo de control 20250809030220.0
007 - CAMPO FIJO DE DESCRIPCIÓN FÍSICA--INFORMACIÓN GENERAL
campo de control de longitud fija t|
008 - DATOS DE LONGITUD FIJA--INFORMACIÓN GENERAL
campo de control de longitud fija 920708s1990 sp |||| | spa d
080 ## - NÚMERO DE LA CLASIFICACIÓN DECIMAL UNIVERSAL
Número de la Clasificación Decimal Universal 351.83
080 ## - NÚMERO DE LA CLASIFICACIÓN DECIMAL UNIVERSAL
Número de la Clasificación Decimal Universal 343:351.83
100 1# - ENTRADA PRINCIPAL--NOMBRE DE PERSONA
Nombre de persona Baylos, Antonio.
9 (RLIN) 26682
245 10 - MENCIÓN DEL TÍTULO
Título Derecho penal del trabajo /
Mención de responsabilidad, etc. Antonio Baylos, Juan Terradillos ; prólogo de Aurelio Desdentado.
260 ## - PUBLICACIÓN, DISTRIBUCIÓN, ETC.
Lugar de publicación, distribución, etc. Madrid :
Nombre del editor, distribuidor, etc. Trotta,
Fecha de publicación, distribución, etc. D.L. 1990.
300 ## - DESCRIPCIÓN FÍSICA
Extensión 218 p. ;
Dimensiones 23 cm.
650 14 - PUNTO DE ACCESO ADICIONAL DE MATERIA--TÉRMINO DE MATERIA
Término de materia o nombre geográfico como elemento de entrada Derecho laboral-
Subdivisión geográfica España
9 (RLIN) 11726
650 #4 - PUNTO DE ACCESO ADICIONAL DE MATERIA--TÉRMINO DE MATERIA
Término de materia o nombre geográfico como elemento de entrada Delitos contra los derechos de los trabajadores-
Subdivisión geográfica España.
9 (RLIN) 154800
700 1# - ENTRADA AGREGADA--NOMBRE PERSONAL
Nombre de persona Terradillos Basoco, Juan.
9 (RLIN) 109776
700 1# - ENTRADA AGREGADA--NOMBRE PERSONAL
Nombre de persona Desdentado Bonete, Aurelio.
9 (RLIN) 43867
852 ## - LOCALIZACIÓN
Ubicación ES-MaACL
Número de control de estantería L-15883
Existencias
Estatus retirado Estado de pérdida Estado de daño No para préstamo Biblioteca de origen Biblioteca actual Ubicación en estantería Fecha de adquisición Fuente de adquisición Total de préstamos Signatura topográfica completa Código de barras Visto por última vez Precio de reemplazo Tipo de ítem Koha
        Biblioteca del Ateneo de Madrid Biblioteca del Ateneo de Madrid Depósito 2 17/01/2008     L-15883 1008676 23/02/2023 23/02/2023 Libro impreso